00681nam a2200169 a 450000100100000000500170001000800410002702000180006804000250008608200150011110000320012624501440015826000480030230000310035095201130038199900170049400004305720201002040614.0140218s2006 nyua 000 0 spa d a9780195189773 aDO-SdBNPbspacBNPHU axxxxbxxxx1 aHarford, Tim,d1973-97057910aThe Undercover Economist :bexposing why the rich are rich, the poor are poor--and why you can never buy a decent used car! /cTim Harford. aNew York :bOxford University Press,c2006. ax, 276 p. :bil. ;c24 cm. 001050718MOaGRbGRcCTd2014-02-18iLF1l0oxxxx xxxxp43057-10r2020-06-25w2020-06-25y1ZNo se presta c42546d42546